000 01661nam a2200361 c 4500
003 BLK
005 20200220132755.0
008 180412b bul|||||r ||||||| ||bul||
010 _aKNG00007781000
020 _a954-07-0464-2
_bиздат.: Унив. изд. Св. Климент Охридски
040 _aBLK
041 _aBUL
_cBUL
080 _aЗамърсяване на въздуха
_b504.3.054
_x
_z504.3.054
080 _aМетеорология. Климатология
_b551.5
_x
_z551.5
100 1 _aФирър, Джон
_eпърви автор
_9134261
700 1 _aСиракова, Маргарита Кирилова
_eпрев. от англ.
_9251572
139 _aФирър, Джон
_bФ 56
245 1 0 _aПроменящата се атмосфера
_bГлобално предизвикателство
_cДжон Фирър; прев. от англ. Маргарита Кирилова Сиракова.
257 _aGBR
260 София
_bУнив. изд. Св. Климент Охридски
_c1995
_fПерник : Полиграф
300 _a172 с.
_bс диагр.
_c20 см
380 _a5
500 _aОриг. загл. The changing atmosphere / John Firor. - Азб. показалец
650 4 _aАтмосфера - замърсяване
_9147831
650 4 _aВалежи, киселинни
_9150369
650 4 _aКлимат - промени
_9251573
650 4 _aОзон - в стратосферата - разрушаване
_9164864
852 _aЦб 183232
856 4 _qpdf
_u
856 4 _qpdf
_u
942 _cKNG
_n0
_01
944 _aCR
_c15.01.2003
_kКети_Илиева
944 _aED
_c26.09.2017
_kСевдалина_Василева
999 _c6536
_d6536